Una odisea en Alemania / (Record no. 179918)

MARC details
000 -LEADER
campo de control de longitud fija 01006nam a2200277 i 4500
001 - NÚMERO DE CONTROL
campo de control 179918
003 - IDENTIFICADOR DE NÚMERO DE CONTROL
campo de control ES-MaACL
005 - FECHA Y HORA DE LA ÚLTIMA TRANSACCIÓN
campo de control 20230927165503.0
008 - DATOS DE LONGITUD FIJA--INFORMACIÓN GENERAL
campo de control de longitud fija 120224s2011 sp a |||| |bspa d
020 ## - NÚMERO INTERNACIONAL ESTÁNDAR DEL LIBRO
Número Internacional Estándar del Libro 978-84-936278-4-3
080 ## - NÚMERO DE LA CLASIFICACIÓN DECIMAL UNIVERSAL
Número de la Clasificación Decimal Universal 32 Rodríguez Chaos, Melquesidez
080 ## - NÚMERO DE LA CLASIFICACIÓN DECIMAL UNIVERSAL
Número de la Clasificación Decimal Universal 929-054.7(=1.460:430.1)"19":32
100 1# - ENTRADA PRINCIPAL--NOMBRE DE PERSONA
Nombre de persona Rodríguez Chaos, Melquesidez.
9 (RLIN) 149457
245 14 - MENCIÓN DEL TÍTULO
Título Una odisea en Alemania /
Mención de responsabilidad, etc. Melquesidez Rodríguez Chaos.
250 ## - MENCION DE EDICION
Mención de edición 1ª ed.
260 ## - PUBLICACIÓN, DISTRIBUCIÓN, ETC.
Lugar de publicación, distribución, etc. [Madrid] :
Nombre del editor, distribuidor, etc. Fundación Domingo Malagón,
Fecha de publicación, distribución, etc. 2011.
300 ## - DESCRIPCIÓN FÍSICA
Extensión 219 p. :
Otras características físicas il. ;
Dimensiones 21 cm.
600 17 - PUNTO DE ACCESO ADICIONAL DE MATERIA--NOMBRE DE PERSONA
Nombre de persona Rodríguez Chaos, Melquesidez.
9 (RLIN) 149457
650 #7 - PUNTO DE ACCESO ADICIONAL DE MATERIA--TÉRMINO DE MATERIA
Término de materia o nombre geográfico como elemento de entrada Exiliados españoles-
Subdivisión geográfica Alemania (República Federal)
9 (RLIN) 149458
650 04 - PUNTO DE ACCESO ADICIONAL DE MATERIA--TÉRMINO DE MATERIA
Término de materia o nombre geográfico como elemento de entrada Exiliados españoles-
Subdivisión general Actividad política.
9 (RLIN) 12661
700 1# - ENTRADA AGREGADA--NOMBRE PERSONAL
Nombre de persona Pedregal Casanova, Ramón.
9 (RLIN) 149459
710 2# - ENTRADA AGREGADA--NOMBRE DE ENTIDAD CORPORATIVA
Nombre de entidad corporativa o nombre de jurisdicción como elemento de entrada Fundación Domingo Malagón.
9 (RLIN) 4279
852 ## - LOCALIZACIÓN
Ubicación ES-MaACL
Número de control de estantería A-11996
itemnumber 186822
Sublocalización o colección R.146951
Ubicación en estantería Depósito 1
Signatura antigua Olim: N-5001
942 ## - ELEMENTOS DE ENTRADA SECUNDARIOS (KOHA)
Fuente del sistema de clasificación o colocación Clasificación decimal universal
Tipo de ítem Koha Libro impreso
Holdings
Estatus retirado Estado de pérdida Fuente del sistema de clasificación o colocación Estado de daño No para préstamo Biblioteca de origen Biblioteca actual Ubicación en estantería Fecha de adquisición Fuente de adquisición Total de préstamos Signatura topográfica completa Código de barras Visto por última vez Precio de reemplazo Tipo de ítem Koha
    Clasificación decimal universal     Biblioteca del Ateneo de Madrid Biblioteca del Ateneo de Madrid Depósito 1 24/02/2012 Donación   A-11996 1189012 23/02/2023 23/02/2023 Libro impreso